Top 300 Babynamen 2025- Jungen - Statistiken

Allgemein
  • Dieses Quiz wurde 88 mal gespielt
  • Das Durchschnittsergebnis liegt bei 74 aus 300
Antwortstatistiken
Name % Korrekt
85. T Tim
91%
5. L Leo
88%
8. L Leon
86%
79. T Tom
86%
37. M Max
83%
1. N Noah
81%
7. P Paul
81%
21. L Lukas
80%
16. B Ben
78%
109. J Jan
78%
188. J John
75%
151. N Nick
73%
56. M Maxim
72%
17. M Mohammed
72%
111. E Elia
70%
3. E Elias
70%
6. L Luca
69%
14. A Anton
67%
9. E Emil
67%
10. F Felix
67%
52. J Johann
67%
26. J Jona
67%
108. M Michael
67%
4. T Theo
67%
219. A Alex
64%
15. F Finn
64%
32. K Karl
64%
22. M Maximilian
64%
87. J Johannes
59%
25. J Jonas
59%
53. J Julian
59%
98. M Marc
59%
72. A Ali
56%
66. B Benjamin
56%
64. D Daniel
56%
172. P Phil
56%
230. T Thomas
56%
39. A Alexander
55%
12. L Louis
55%
2. M Matteo
55%
81. N Niklas
55%
27. D David
53%
11. H Henry
52%
13. L Liam
52%
73. N Nico
52%
181. L Lenn
50%
100. F Fabian
48%
159. F Florian
48%
54. H Hannes
48%
296. M Marten
48%
226. M Martin
48%
34. M Moritz
48%
74. P Philipp
48%
257. A Andreas
47%
177. C Christian
47%
86. J Julius
47%
19. O Oskar
47%
67. E Erik
45%
20. J Jakob
45%
139. J Jannik
45%
49. L Leonard
45%
128. S Sebastian
45%
158. T Timo
45%
83. F Fritz
44%
161. L Lars
44%
31. L Lio
44%
63. L Ludwig
44%
40. J Jonathan
42%
35. L Linus
42%
176. T Tobias
42%
102. O Oliver
41%
135. S Sam
41%
94. S Simon
41%
55. V Vincent
41%
106. M Malte
39%
239. O Otto
39%
265. S Samu
39%
142. N Nils
38%
130. O Ole
38%
29. S Samuel
38%
206. F Friedrich
36%
38. J Jannis
36%
91. M Marlo
36%
36. M Mats
36%
104. B Benedikt
34%
28. C Carlo
34%
105. F Franz
34%
92. L Lennard
34%
251. M Manuel
34%
204. M Marco
34%
42. M Milo
34%
43. T Theodor
34%
244. G Georg
33%
58. K Kilian
33%
18. L Levi
33%
51. M Marlon
33%
114. M Matthias
33%
46. V Valentin
33%
45. A Aaron
31%
30. E Emilio
31%
48. M Mika
31%
23. M Milan
31%
44. T Toni
31%
115. J Josef
30%
255. S Stefan
30%
24. A Adam
28%
264. J Justus
28%
68. K Konstantin
28%
77. L Levin
28%
116. T Till
28%
59. A Adrian
27%
293. B Bastian
27%
120. L Luke
27%
118. M Matti
27%
248. R Richard
27%
272. K Kai
25%
227. K Konrad
25%
96. L Lasse
25%
62. L Lian
25%
150. L Lion
25%
33. R Raphael
25%
198. D Dean
23%
143. D Dennis
23%
192. G Gustav
23%
171. M Michel
23%
89. N Noel
23%
262. Ö Ömer
23%
154. R Robin
23%
185. W Willi
23%
220. A Ari
22%
292. A August
22%
137. B Benno
22%
82. E Enno
22%
70. F Fiete
22%
50. G Gabriel
22%
80. E Elian
20%
121. F Frederik
20%
76. J Joshua
20%
162. V Viktor
20%
170. X Xaver
20%
65. A Arthur
19%
60. B Bruno
19%
61. K Kian
19%
41. L Leano
19%
229. L Liano
19%
123. L Lorenz
19%
84. L Luan
19%
95. T Thilo
19%
129. J Jasper
17%
270. L Laurenz
17%
149. L Lenny
17%
205. M Mio
17%
199. T Tommy
17%
218. A Antonio
16%
57. A Arian
16%
138. D Damian
16%
127. E Emilian
16%
124. F Ferdinand
16%
200. H Hanno
16%
47. M Malik
16%
266. M Marcel
16%
168. N Nathan
16%
299. W Wilhelm
16%
271. A Alan
14%
196. B Bela
14%
147. D Dominik
14%
182. H Henrik
14%
163. H Hugo
14%
300. J James
14%
132. L Leander
14%
110. L Leonardo
14%
117. L Lino
14%
202. M Mustafa
14%
134. N Nicolas
14%
103. O Omar
14%
268. A Abdullah
13%
71. A Amir
13%
119. C Charlie
13%
148. L Leandro
13%
97. L Leopold
13%
88. M Mattis
13%
221. M Mert
13%
298. N Nevio
13%
256. A Amin
11%
125. E Elio
11%
297. I Ian
11%
222. K Keno
11%
288. K Kurt
11%
283. N Nilo
11%
175. P Piet
11%
284. R Roman
11%
167. B Bennet
9%
263. C Can
9%
122. E Emir
9%
144. J Jano
9%
152. J Joris
9%
259. K Kalle
9%
238. K Karim
9%
243. L Leonhard
9%
145. L Lias
9%
215. M Mael
9%
131. A Ahmad
8%
225. A Aurelio
8%
233. D Diego
8%
160. E Elijah
8%
179. E Emanuel
8%
241. F Fabio
8%
75. I Ilyas
8%
165. J Jaro
8%
210. J Joel
8%
112. J Jonte
8%
193. K Korbinian
8%
249. L Lennox
8%
246. L Lionel
8%
260. M Merlin
8%
156. N Neo
8%
178. N Nino
8%
209. T Titus
8%
236. W William
8%
90. Y Yusuf
8%
174. A Ahmet
6%
247. A Alessio
6%
276. A Aris
6%
133. I Ibrahim
6%
169. I Ivan
6%
189. M Mailo
6%
69. M Miran
6%
166. P Pepe
6%
281. R Ryan
6%
211. S Sami
6%
223. T Tammo
6%
180. A Amar
5%
213. A Ares
5%
146. C Colin
5%
258. D Dario
5%
190. H Hasan
5%
208. J Janosch
5%
186. J Jaron
5%
183. K Kaan
5%
273. K Kenan
5%
153. N Nelio
5%
164. S Silas
5%
113. Y Yasin
5%
173. Y Youssef
5%
99. Z Zayn
5%
191. A Adem
3%
224. E Eddy
3%
269. E Eliano
3%
294. E Enzo
3%
282. I Ismail
3%
231. I Issa
3%
232. J Jakub
3%
237. J Jari
3%
214. J Jayden
3%
287. K Kerem
3%
278. M Magnus
3%
136. M Maleo
3%
289. M Mikail
3%
279. N Nikolai
3%
280. Q Quirin
3%
252. R Rio
3%
240. T Taavi
3%
184. Y Younes
3%
157. A Aiden
2%
242. A Arda
2%
285. C Connor
2%
187. I Isa
2%
254. L Leonidas
2%
207. L Louie
2%
290. M Miron
2%
140. N Nael
2%
235. N Nikita
2%
93. R Rayan
2%
274. T Taha
2%
203. T Tiago
2%
228. T Timur
2%
212. Y Yunus
2%
275. A Anas
0%
253. A Aram
0%
101. A Aras
0%
201. A Aslan
0%
141. A Ayan
0%
126. A Ayaz
0%
217. B Bilal
0%
197. C Caspar
0%
286. E Eymen
0%
78. H Hamza
0%
295. I Ilay
0%
261. I Imran
0%
234. K Karam
0%
155. K Kiyan
0%
291. K Kuzey
0%
250. L Lijan
0%
194. M Mahir
0%
267. M Mirac
0%
107. M Musa
0%
277. S Sanad
0%
245. Y Yahya
0%
195. Y Yaman
0%
216. Z Zeyd
0%
Keine übereinstimmenden Quizze gefunden
Verteilung der Resultate
Anzahl Personen mit jedem Resultat
Perzentil nach korrekt beantworteten Fragen
Ihre Resultats-Entwicklung
Sie haben dieses Quiz noch nicht gespielt